000 00355 a2200169 4500
001 185571
020 _a85-322-5195-1
040 _cMagnum
100 _aSousa, MaurĂ­cio de
240 1 0 _aAtlas da fauna
_lpor
245 1 0 _aAtlas da fauna
300 _a112
362 0 _a2004
440 1 _aFTD
697 _aLITERATURA INFANTO-JUVENIL
942 _cBK
999 _c185571
_d185571